000 02131nam a2200481 i 4500
001 192733
003 SpMaBN
005 20250903092859.0
007 ta
008 230516s2021 sp a | ||||o001 0 spa
017 _aM 22468-2021
_bOficina Depósito Legal Madrid
020 _a9788492462711
024 7 _aNIPO 824-21-008-7
_2nipo
035 _a(OCoLC)1282153443
040 _aSpMaBN
_bspa
_cES-MaACL
_erda
080 _a017.1(460.271)
080 _a016:74.034(460)
080 _a016:74.034(450)
110 2 _aBiblioteca Nacional de España
_eisb
_9234950
245 1 0 _aDibujos españoles e italianos del siglo XVI en la Biblioteca Nacional de España /
_cdirección científica y edición, Benito Navarrete Prieto, Gonzalo Redín Michaus
264 1 _a[Madrid] :
_bBiblioteca Nacional de España,
_c[2021].
300 _a395 páginas :
_bilustraciones (color) ;
_c31 cm.
336 _aTexto
_aImagen fija
_2rdacontent
337 _asin mediación
_2rdamedia
338 _avolumen
_2rdacarrier
500 _aÍndice
504 _aBibliografía: páginas 356-385
585 _aExposición: Biblioteca Nacional de España, Madrid, 15 de octubre de 2021 al 16 de enero de 2022
650 0 _aDibujo español-
_yS.XVI-
_zBiblioteca Nacional de España-
_vExposiciones
_9193632
650 0 _aDibujo italiano-
_yS.XVI-
_zBiblioteca Nacional de España-
_vExposiciones
_9193633
650 0 _aDibujo español-
_yS.XVI-
_zBiblioteca Nacional de España-
_vExposiciones
_9193632
650 0 _aDibujo italiano-
_yS.XVI-
_zBiblioteca Nacional de España-
_vExposiciones
_9193633
655 7 _aCatálogos de exposiciones
_2tgfbne
_9193628
655 0 _aCatálogos de bibliotecas
_9193634
700 0 _aNavarrete Prieto, Benito
_985047
_epbd
700 1 _aRedín Michaus, Gonzalo
_epbd
_9193635
710 2 _aBiblioteca Nacional de España
_ehis
_9234950
852 _aES-MaACL
_bR.153416
_cDEPOJ
_hDonación: Biblioteca Nacional de España
_jN-8365
_xCartoné
_9200028
914 _aBiblioteca Nacional de España
_ednr
_9234950
942 _n0
_cMONOGRAFIA
999 _c192733
_d192733